000 00595nam a2200241Ia 4500
003 OSt
005 20221005035023.0
006 a|||||r|||| 00| 0
007 ta
008 221004b |||||||| |||| 00| 0 eng d
024 _a46024
037 _cTextual
040 _aCRL
_cCRL
_beng
041 _2eng
_aeng
082 _aX:51, K8
100 _aKrishna S. Ed.
245 0 _aPositive marketing
260 _aDelhi
_bHemkunt press India
_c1968
300 _a386p.
_ccm.
650 _aECONOMICS
942 _hX:51, K8
_cTEXL
_2cc
999 _c944474
_d944474